<Die> Geldnachfrage Theorie und empirische Ergebnisse für die Schweiz
Salvato in:
| Autore principale: | |
|---|---|
| Natura: | Libro |
| Lingua: | tedesco |
| Pubblicazione: |
Berlin
Springer
1986
|
| Edizione: | 1. Aufl. |
| Serie: | Studies in Contemporary Economics
|
| Tags: |
Nessun Tag, puoi essere il primo ad aggiungerne!!
|
MARC
| LEADER | 00000nam a2200000 4500 | ||
|---|---|---|---|
| 001 | c031370 | ||
| 005 | 20221220071539.9 | ||
| 041 | 0 | |a ger | |
| 044 | |a DE | ||
| 245 | 1 | 0 | |a <Die> Geldnachfrage |b Theorie und empirische Ergebnisse für die Schweiz |c Erwin W. Heri |
| 250 | |a 1. Aufl. | ||
| 264 | 1 | |a Berlin |b Springer |c 1986 | |
| 300 | |a 226 s. | ||
| 490 | 1 | |a Studies in Contemporary Economics | |
| 830 | 0 | |a Studies in Contemporary Economics | |
| 100 | 1 | |a Heri, Erwin W. | |